书目信息 |
| 题名: |
误差理论与精度分析
|
|
| 作者: | 毛英泰 主编 | |
| 分册: | ||
| 出版信息: | 北京 国防工业出版社 1982 |
|
| 页数: | 400页 | |
| 开本: | 25cm | |
| 丛书名: | ||
| 单 册: | ||
| 中图分类: | TH701 | |
| 科图分类: | ||
| 主题词: | 仪器-精度--分析 , 精度-仪器--分析 , 仪器误差 | |
| 电子资源: | ||
| ISBN: | ||
| 000 | 00683nam0 2200253 45 | |
| 001 | 0182010449 | |
| 005 | 20060606101753.90 | |
| 010 | @dCNY2.60 | |
| 091 | @a15034.2402 | |
| 100 | @a19950517d1982 em y0chiy0121 ea | |
| 101 | 0 | @achi |
| 102 | @aCN@b110000 | |
| 105 | @ay z 000yy | |
| 200 | 10 | @a误差理论与精度分析@Awu cha li lun yu jing du fen xi@f毛英泰主编@Fmao ying tai zhu bian |
| 210 | @a北京@c国防工业出版社@d1982 | |
| 215 | @a400页@d25cm | |
| 606 | @a仪器-精度@x分析 | |
| 606 | @a精度-仪器@x分析 | |
| 606 | @a仪器误差 | |
| 690 | @aTH701@v3 | |
| 701 | 0 | @a毛英泰@Amao ying tai@4主编 |
| 801 | 2 | @aCN@bNLC@c20060606 |
| 801 | 0 | @aCN@bTSSF |
| 905 | @a10447@dTH701@e30 | |
| 误差理论与精度分析/毛英泰主编.-北京:国防工业出版社,1982 |
| 400页;25cm |
| ISBN :CNY2.60 |
| ● |
| 相关链接 |
|
|
|
|
正题名:误差理论与精度分析
索取号:TH701/30
 
预约/预借
| 序号 | 登录号 | 条形码 | 馆藏地/架位号 | 状态 | 备注 |
| 1 | 0420144 | 204201443 | 密集书库/ [索取号:TH701/30] | 在馆 |